000 00358nam a2200133Ia 4500
008 240624s9999 xx 000 0 und d
041 _aeng
082 _a519.5 VIS
100 _aVISWANATHAN P K
245 _aBUSINESS STATISTICS AN APPLIED ORIENTATI
260 _c2007
_aNew Delhi
_bPearson Education
300 _axix, : 323 : p. : cm. ; 24
365 _cRS
_b35
999 _c5559
_d5559